THE PEDIATRIC CLINICS OF NORTH AMERICA: MUSCULOSKELETAL DISORDERS I (Record no. 1141527)

MARC details
000 -LEADER
fixed length control field 00378nam a2200145Ia 4500
008 - FIXED-LENGTH DATA ELEMENTS--GENERAL INFORMATION
fixed length control field 240112s1967 MAY xx 000 0 und d
022 ## - INTERNATIONAL STANDARD SERIAL NUMBER
International Standard Serial Number 54-6097
041 ## - LANGUAGE CODE
Language code of text/sound track or separate title eng
082 ## - DEWEY DECIMAL CLASSIFICATION NUMBER
Classification number 618.92705
100 ## - MAIN ENTRY--PERSONAL NAME
Personal name BANKS H.H.
245 ## - TITLE STATEMENT
Title THE PEDIATRIC CLINICS OF NORTH AMERICA: MUSCULOSKELETAL DISORDERS I
260 ## - PUBLICATION, DISTRIBUTION, ETC.
Name of publisher, distributor, etc. SAUNDERS
Date of publication, distribution, etc. 1967 MAY
300 ## - PHYSICAL DESCRIPTION
Extent 532,HB
Dimensions 2
440 ## - SERIES STATEMENT/ADDED ENTRY--TITLE
Volume/sequential designation 14
Holdings
Withdrawn status Lost status Damaged status Not for loan Collection Home library Current library Date acquired Source of acquisition Total Checkouts Full call number Barcode Date last seen Price effective from Koha item type
          Medical College & Hospital, Sangli Medical College & Hospital, Sangli 16/01/2024 RESEACRCH CO.   618.92705 MCS-BV-749 16/01/2024 16/01/2024 Bound Journals